zpět

Detail výsledku týmu

Pivovarský Dvůr PO, Liberec

Datum a čas kvízu

25.5 Celkem bodů Celkový počet nahraných bodů na tomto kvízu bez doplňovacích otázek.
11. Pořadí na kvízu Konečné umístění týmu na tomto kvízu.

Zaznamenané odpovědi

# Otázka Odpověď Body Výsledky
1. V jedné české zoologické zahra... v Olomouci 0
2. V pondělním rozhovoru pro míst... Černá Hora 1
3. V sobotu proběhl velkolepý kon... Rio di Janeiro 1
4. Minulý týden byl na aukci v ji... (zlaté) hodinky 0
5. V neděli se konal tradiční Pra... 29. ročník, Staroměstské náměstí 0.5
6. Vítězné téma facebookového hla... Méďové 0
7. Jak se jmenoval herec, který v... Lubomír Kostelka 1
8. Který zahraniční dětský seriál... Tlapková patrola 0
9. „Chip, Chip, Chip, Chip a Dale... tajně vinu svou 0
10. Napište název oblíbeného dětsk... Včelka Mája 1